[Event "RUS-ch sf"]
[Site "Novosibirsk"]
[Date "1995.??.??"]
[Round "3"]
[White "Schipkov, Boris"]
[Black "Kron, Valentin"]
[Result "0-1"]
[WhiteElo "2320"]
[BlackElo "2430"]
[PlyCount "94"]
[EventDate "1995.??.??"]
[EventType "swiss"]
[EventRounds "9"]
[EventCountry "RUS"]
[SourceTitle "CBM 049 Extra"]
[Source "ChessBase"]
[SourceDate "1996.01.01"]
[SourceVersion "1"]
[SourceVersionDate "1996.01.01"]
[SourceQuality "1"]

1. d4 Nf6 2. c4 c5 3. d5 b5 4. cxb5 a6 5. Nc3 axb5 6. e4 b4 7. Nb5 d6 8. Nf3 Bg4 9. h3 Bxf3 10. Qxf3 Nbd7 11. Be2 g6 12. 0-0 Bg7 13. Bg5 0-0 14. a4 bxa3 15. Rxa3 Rxa3 16. bxa3 Qa5 17. Qd3 Rb8 18. Rb1 h6 19. Be3 Qa4 20. f3 g5 21. Bd1 Qa6 22. a4 Nh5 23. h4 gxh4 24. Qd2 Kh7 25. f4 Ng3 26. Bc2 f5 27. exf5 Bf6 28. Re1 Kh8 29. Qd3 Rg8 30. Kh2 Qa8 31. Bd2 Qf8 32. Nc7 Qg7 33. a5 Nxf5 34. Qh3 Nd4 35. Be4 Qg3+ 36. Qxg3 hxg3+ 37. Kg1 Nb3 38. Rd1 c4 39. Nb5 Rb8 40. Na3 Nxd2 41. Rxd2 c3 42. Rd1 Rb4 43. Bf5 Nc5 44. Rf1 Bd4+ 45. Kh1 Bf2 46. Nc2 Rxf4 47. Bc8 e6 0-1

[Event "Kecskemet Caissa 04"]
[Site "Kecskemet"]
[Date "1993.??.??"]
[Round "4"]
[White "Anka, Emil"]
[Black "Schipkov, Boris"]
[Result "1-0"]
[WhiteElo "2395"]
[BlackElo "2345"]
[PlyCount "115"]
[EventDate "1993.04.??"]
[EventType "tourn"]
[EventRounds "13"]
[EventCountry "HUN"]
[EventCategory "7"]
[SourceTitle "EXT 1997"]
[Source "ChessBase"]
[SourceDate "1996.11.15"]
[SourceVersion "1"]
[SourceVersionDate "1996.11.15"]
[SourceQuality "1"]

1. e4 c5 2. Nf3 Nc6 3. d4 cxd4 4. Nxd4 Nf6 5. Nc3 e5 6. Ndb5 d6 7. Bg5 a6 8. Na3 Be6 9. Nc4 Rc8 10. Bxf6 gxf6 11. Bd3 Rg8 12. 0-0 Bg4 13. Be2 Bxe2 14. Nxe2 f5 15. Ne3 f4 16. Nf5 Qg5 17. g3 f3 18. Nc3 Qg4 19. Nd5 Rg6 20. Re1 Nd4 21. Nxd4 exd4 22. Qxd4 Bg7 23. Qxg7 Rxg7 24. Nf6+ Kf8 25. Nxg4 Rxg4 26. c3 Re8 27. Kf1 Rgxe4 28. Rxe4 Rxe4 29. Re1 Ra4 30. a3 Ra5 31. Re3 Rf5 32. Ke1 a5 33. Kd2 Rh5 34. Rxf3 Rxh2 35. Rf5 d5 36. Ke2 Rh6 37. Rxd5 Rb6 38. b4 axb4 39. axb4 Ke7 40. Rf5 Ra6 41. Kd3 Rd6+ 42. Kc4 b6 43. Kb5 Rg6 44. c4 Rh6 45. Rd5 Rf6 46. f4 Rg6 47. Rd3 Rh6 48. c5 bxc5 49. bxc5 Rh1 50. c6 Rc1 51. Kb6 Rb1+ 52. Ka7 Ra1+ 53. Kb7 Rb1+ 54. Kc8 Rc1 55. c7 Rc2 56. Re3+ Kd6 57. Kd8 Rxc7 58. Rd3+ 1-0

[Event "Kecskemet Caissa 04"]
[Site "Kecskemet"]
[Date "1993.??.??"]
[Round "6"]
[White "Csom, Istvan"]
[Black "Schipkov, Boris"]
[Result "1-0"]
[WhiteElo "2520"]
[BlackElo "2345"]
[PlyCount "119"]
[EventDate "1993.04.??"]
[EventType "tourn"]
[EventRounds "13"]
[EventCountry "HUN"]
[EventCategory "7"]
[SourceTitle "EXT 1997"]
[Source "ChessBase"]
[SourceDate "1996.11.15"]
[SourceVersion "1"]
[SourceVersionDate "1996.11.15"]
[SourceQuality "1"]

1. c4 c6 2. Nf3 d5 3. e3 Nf6 4. b3 Bf5 5. Be2 h6 6. 0-0 e6 7. Bb2 Nbd7 8. d3 Be7 9. cxd5 cxd5 10. Nc3 0-0 11. a3 Rc8 12. h3 Bh7 13. Rc1 a6 14. b4 Bd6 15. Qb3 Nb6 16. Na4 Nxa4 17. Qxa4 Nd7 18. Rxc8 Qxc8 19. Rc1 Qd8 20. Qb3 Qe7 21. Bf1 Bg6 22. g3 Bh5 23. Bg2 Bxf3 24. Bxf3 Be5 25. Bg2 Bxb2 26. Qxb2 Nb6 27. Qe5 Rc8 28. Rxc8+ Nxc8 29. e4 dxe4 30. Qb8 Qf8 31. Bxe4 b6 32. Qa8 f5 33. Bg2 a5 34. bxa5 bxa5 35. Qxa5 Kh7 36. Qc3 Ne7 37. Qc5 Qf6 38. d4 f4 39. Be4+ g6 40. Qe5 Qf7 41. Qxf4 Qxf4 42. gxf4 Nc8 43. a4 Nd6 44. Bd3 Kg7 45. a5 Kf6 46. Kg2 Nc8 47. Kf3 Na7 48. a6 Nc6 49. Ke4 g5 50. Bb5 Na7 51. Ba4 Nc8 52. Bd7 Na7 53. fxg5+ hxg5 54. f4 gxf4 55. Kxf4 Ke7 56. Ba4 Kf6 57. h4 Nc8 58. Bd7 Na7 59. h5 Ke7 60. h6 1-0

[Event "Kecskemet Caissa 04"]
[Site "Kecskemet"]
[Date "1993.??.??"]
[Round "9"]
[White "Schipkov, Boris"]
[Black "Szalanczy, Emil"]
[Result "1-0"]
[WhiteElo "2345"]
[BlackElo "2365"]
[PlyCount "74"]
[EventDate "1993.04.??"]
[EventType "tourn"]
[EventRounds "13"]
[EventCountry "HUN"]
[EventCategory "7"]
[SourceTitle "EXT 1997"]
[Source "ChessBase"]
[SourceDate "1996.11.15"]
[SourceVersion "1"]
[SourceVersionDate "1996.11.15"]
[SourceQuality "1"]

1. d4 Nf6 2. c4 c5 3. d5 e6 4. Nc3 exd5 5. cxd5 d6 6. e4 g6 7. f4 Bg7 8. Bb5+ Nfd7 9. Nf3 a6 10. Bd3 b5 11. 0-0 0-0 12. Kh1 Nb6 13. f5 b4 14. Ne2 N8d7 15. Bg5 Bf6 16. Bf4 Qe7 17. Qd2 Ne5 18. Nxe5 Bxe5 19. Bxe5 Qxe5 20. f6 Nd7 21. Rf5 Qxf6 22. Rxf6 Nxf6 23. Qf4 Ng4 24. Kg1 Ne5 25. Bc2 Kg7 26. a3 b3 27. Bxb3 Rb8 28. Qe3 Bg4 29. Ng3 c4 30. Bc2 Rxb2 31. Qc3 Rfb8 32. h3 Bd7 33. Nf1 R2b5 34. Nd2 Kf8 35. Nf3 Rb3 36. Bxb3 Rxb3 37. Qa5 Nxf3+ 1-0

[Event "Kecskemet-ch op"]
[Site "Kecskemet"]
[Date "1992.??.??"]
[Round "?"]
[White "Schipkov, Boris"]
[Black "Bjerring, Kai"]
[Result "1/2-1/2"]
[WhiteElo "2355"]
[BlackElo "2305"]
[PlyCount "70"]
[EventDate "1992.??.??"]
[EventType "swiss"]
[EventRounds "9"]
[EventCountry "HUN"]
[SourceTitle "EXT 2005"]
[Source "ChessBase"]
[SourceDate "2004.11.15"]
[SourceVersion "1"]
[SourceVersionDate "2004.11.15"]
[SourceQuality "1"]

1. d4 Nf6 2. c4 g6 3. Nc3 Bg7 4. e4 d6 5. f3 0-0 6. Be3 Nc6 7. Nge2 a6 8. Qd2 Rb8 9. a3 e5 10. d5 Ne7 11. b4 Ne8 12. Nc1 f5 13. Nb3 Nf6 14. Bd3 fxe4 15. Nxe4 Nxe4 16. fxe4 Bd7 17. Bf2 c6 18. 0-0 cxd5 19. cxd5 h6 20. Na5 b6 21. Nc4 Be8 22. Be3 Rxf1+ 23. Rxf1 Kh7 24. Rf3 g5 25. Rf1 b5 26. Na5 Rc8 27. Rc1 Rc7 28. Rc2 Qc8 29. Rxc7 Qxc7 30. Kf2 Bg6 31. Nb3 Ng8 32. Qc1 Qxc1 33. Bxc1 Nf6 34. Ke3 Ng4+ 35. Kf3 Nf6 1/2-1/2

[Event "Multicoop op"]
[Site "Budapest"]
[Date "1992.??.??"]
[Round "4"]
[White "Schipkov, Boris"]
[Black "Sziraki, Tamas"]
[Result "0-1"]
[WhiteElo "2355"]
[BlackElo "2210"]
[PlyCount "64"]
[EventDate "1992.??.??"]
[EventType "swiss"]
[EventRounds "9"]
[EventCountry "HUN"]
[SourceTitle "EXT 1997"]
[Source "ChessBase"]
[SourceDate "1996.11.15"]
[SourceVersion "1"]
[SourceVersionDate "1996.11.15"]
[SourceQuality "1"]

1. d4 Nf6 2. c4 e6 3. Nc3 Bb4 4. f3 d5 5. a3 Bxc3+ 6. bxc3 c5 7. cxd5 Nxd5 8. Qd3 cxd4 9. cxd4 Nc6 10. e4 Nb6 11. Be3 0-0 12. Be2 f5 13. Nh3 fxe4 14. Qxe4 e5 15. dxe5 Bf5 16. Bxb6 Qxb6 17. Qc4+ Kh8 18. Nf2 Nd4 19. Bd1 Rfc8 20. Qb4 Nc2+ 21. Bxc2 Qe3+ 22. Kf1 Rxc2 23. Qe1 Bd3+ 24. Nxd3 Qxd3+ 25. Kg1 Re2 26. h4 Rxe1+ 27. Rxe1 Qxa3 28. Kh2 Qe7 29. Re4 a5 30. e6 a4 31. Rd1 a3 32. Rd7 Qe8 0-1

[Event "Kecskemet III-B"]
[Site "Kecskemet"]
[Date "1991.??.??"]
[Round "?"]
[White "Donko, Matyas"]
[Black "Schipkov, Boris"]
[Result "1/2-1/2"]
[WhiteElo "2230"]
[BlackElo "2355"]
[PlyCount "29"]
[EventDate "1991.??.??"]
[EventType "tourn"]
[EventRounds "11"]
[EventCountry "HUN"]
[EventCategory "3"]
[SourceTitle "EXT 2002"]
[Source "ChessBase"]
[SourceDate "2001.11.25"]
[SourceVersion "1"]
[SourceVersionDate "2001.11.25"]
[SourceQuality "1"]

1. e4 c5 2. Nf3 Nc6 3. Nc3 e5 4. Bc4 d6 5. d3 h6 6. h3 g5 7. Be3 Bg7 8. Ne2 Nf6 9. Ng3 0-0 10. c3 Be6 11. Bb3 Qe7 12. 0-0 Rad8 13. Qe2 d5 14. Rad1 d4 15. Bc1 1/2-1/2

[Event "Kecskemet III-B"]
[Site "Kecskemet"]
[Date "1991.??.??"]
[Round "?"]
[White "Krizsany, Laszlo"]
[Black "Schipkov, Boris"]
[Result "1-0"]
[WhiteElo "2335"]
[BlackElo "2355"]
[PlyCount "95"]
[EventDate "1991.??.??"]
[EventType "tourn"]
[EventRounds "11"]
[EventCountry "HUN"]
[EventCategory "3"]
[SourceTitle "EXT 2002"]
[Source "ChessBase"]
[SourceDate "2001.11.25"]
[SourceVersion "1"]
[SourceVersionDate "2001.11.25"]
[SourceQuality "1"]

1. d4 Nf6 2. c4 e6 3. Nc3 d5 4. cxd5 exd5 5. Bg5 Be7 6. e3 Nbd7 7. Nf3 c6 8. Qc2 Nh5 9. Bxe7 Qxe7 10. 0-0-0 Nb6 11. Bd3 g6 12. Ne5 Be6 13. f4 0-0-0 14. g4 Ng7 15. f5 gxf5 16. gxf5 Bd7 17. f6 Qxf6 18. Rhf1 Qh6 19. Nxf7 Qxe3+ 20. Kb1 h5 21. Nxh8 Rxh8 22. Qf2 Qxf2 23. Rxf2 Ne6 24. Bf5 Nc4 25. Bxe6 Bxe6 26. Re1 Rh6 27. Kc1 Nd6 28. Re5 Kd7 29. Rf8 Nf7 30. Re1 b5 31. Ra8 Rf6 32. Rxa7+ Kd6 33. a4 b4 34. Nd1 Rf4 35. a5 Rxd4 36. a6 Ne5 37. Nf2 Rc4+ 38. Kd1 Rd4+ 39. Ke2 b3 40. Ra1 Rc4 41. Rg7 Rc2+ 42. Kf1 Nf3 43. a7 Bh3+ 44. Rg2 Nxh2+ 45. Kg1 Nf3+ 46. Kh1 Bxg2+ 47. Kxg2 Nh4+ 48. Kf1 1-0

[Event "Kecskemet4"]
[Site "Kecskemet"]
[Date "1991.??.??"]
[Round "?"]
[White "Schipkov, Boris"]
[Black "Har Zvi, Ronen"]
[Result "0-1"]
[WhiteElo "2355"]
[BlackElo "2240"]
[PlyCount "92"]
[EventDate "1991.??.??"]
[EventType "tourn"]
[EventRounds "15"]
[EventCountry "HUN"]
[EventCategory "3"]
[SourceTitle "EXT 2004"]
[Source "ChessBase"]
[SourceDate "2003.11.25"]
[SourceVersion "1"]
[SourceVersionDate "2003.11.25"]
[SourceQuality "1"]

1. d4 Nf6 2. c4 g6 3. Nc3 Bg7 4. e4 d6 5. f3 0-0 6. Be3 c5 7. d5 e6 8. Nge2 exd5 9. cxd5 Re8 10. Ng3 h5 11. Be2 h4 12. Nf1 Nh5 13. Nd2 f5 14. f4 Bxc3 15. bxc3 Nf6 16. 0-0 Nxe4 17. Nxe4 Rxe4 18. Rf3 b6 19. Bd3 Re7 20. Bf2 Rh7 21. Qe1 h3 22. Re3 Kf8 23. gxh3 Na6 24. Qf1 Nc7 25. Qg2 Bd7 26. Rg3 Qf6 27. Rxg6 Qxg6 28. Qxg6 Rg7 29. Qxg7+ Kxg7 30. c4 b5 31. Re1 Re8 32. Be3 bxc4 33. Bxc4 Bb5 34. Bxb5 Nxb5 35. Kf2 Kf7 36. Rc1 Nc7 37. Rd1 Nb5 38. Kf3 Nc3 39. Rd3 Nxa2 40. Ra3 Nb4 41. Rxa7+ Re7 42. Ra8 Nxd5 43. Bf2 Rb7 44. Ra3 Nf6 45. h4 Ne4 46. h5 Ke6 0-1

[Event "Kecskemet7"]
[Site "Kecskemet"]
[Date "1991.??.??"]
[Round "?"]
[White "Schipkov, Boris"]
[Black "Raetsky, Alexander"]
[Result "1/2-1/2"]
[WhiteElo "2355"]
[BlackElo "2400"]
[PlyCount "22"]
[EventDate "1991.??.??"]
[EventType "tourn"]
[EventRounds "13"]
[EventCountry "HUN"]
[SourceTitle "EXT 2004"]
[Source "ChessBase"]
[SourceDate "2003.11.25"]
[SourceVersion "1"]
[SourceVersionDate "2003.11.25"]
[SourceQuality "1"]

1. d4 Nf6 2. c4 e6 3. Nc3 Bb4 4. e3 c5 5. Bd3 d5 6. cxd5 exd5 7. Nge2 0-0 8. 0-0 Nc6 9. a3 Bxc3 10. bxc3 Re8 11. f3 Bd7 1/2-1/2

[Event "Kecskemet4"]
[Site "Kecskemet"]
[Date "1991.??.??"]
[Round "2"]
[White "Schipkov, Boris"]
[Black "Sawadkuhi, Massoud Amir"]
[Result "1-0"]
[WhiteElo "2355"]
[BlackElo "2235"]
[PlyCount "37"]
[EventDate "1991.??.??"]
[EventType "tourn"]
[EventRounds "15"]
[EventCountry "HUN"]
[EventCategory "3"]
[SourceTitle "EXT 2004"]
[Source "ChessBase"]
[SourceDate "2003.11.25"]
[SourceVersion "1"]
[SourceVersionDate "2003.11.25"]
[SourceQuality "1"]

1. d4 Nf6 2. c4 c5 3. d5 b5 4. cxb5 a6 5. b6 e6 6. Nc3 Nxd5 7. Nxd5 exd5 8. Qxd5 Nc6 9. Nf3 Qxb6 10. Ne5 Nd8 11. Qxa8 Bb7 12. Qb8 d6 13. Nc4 Qb4+ 14. Nd2 Be7 15. a3 Qa5 16. e3 0-0 17. Be2 Bxg2 18. Rg1 Ne6 19. Qa7 1-0

[Event "Vienna op"]
[Site "Vienna"]
[Date "1990.??.??"]
[Round "2"]
[White "Ftacnik, Lubomir"]
[Black "Schipkov, Boris"]
[Result "1-0"]
[WhiteElo "2550"]
[BlackElo "2340"]
[PlyCount "119"]
[EventDate "1990.10.??"]
[EventType "swiss"]
[EventRounds "9"]
[EventCountry "AUT"]
[SourceTitle "CBM 021"]
[Source "ChessBase"]
[SourceDate "1991.04.01"]
[SourceVersion "1"]
[SourceVersionDate "1991.04.01"]
[SourceQuality "1"]

1. d4 Nf6 2. c4 e6 3. Nf3 d5 4. Nc3 Be7 5. Bg5 Nbd7 6. e3 h6 7. Bh4 0-0 8. Rc1 c6 9. Bd3 dxc4 10. Bxc4 b5 11. Bd3 a6 12. a4 bxa4 13. Nxa4 Qa5+ 14. Nd2 Bb4 15. Nc3 Bb7 16. 0-0 Qh5 17. Qxh5 Nxh5 18. Nc4 g5 19. Bg3 Nxg3 20. hxg3 a5 21. Rfd1 c5 22. Be4 Rab8 23. Bxb7 Rxb7 24. d5 Bxc3 25. Rxc3 exd5 26. Rxd5 Nb6 27. Nxb6 Rxb6 28. Rcxc5 Rxb2 29. Rxa5 Rc8 30. Ra1 Rcc2 31. Rf5 Ra2 32. Rf1 Kg7 33. g4 Kg6 34. Rf3 Kg7 35. Kh2 Ra4 36. Rd1 Rc7 37. Rd4 Ra2 38. Kg3 Ra6 39. Rf5 Kg6 40. Rf3 Rb6 41. Rd8 Kg7 42. Rf5 Re6 43. Ra5 Re4 44. Raa8 Rcc4 45. Rg8+ Kf6 46. Ra6+ Re6 47. Ra5 Re5 48. Raa8 Ree4 49. Kf3 Ra4 50. Rad8 Re6 51. Rh8 Ke5 52. Rb8 Ra5 53. Rb7 Rf6+ 54. Kg3 Raa6 55. Re8+ Rfe6 56. Rf8 f6 57. Rb5+ Kd6 58. Rh8 Ra4 59. Rxh6 Kc6 60. Rf5 1-0

[Event "HUN-ch op"]
[Site "Gyor"]
[Date "1990.??.??"]
[Round "6"]
[White "Schipkov, Boris"]
[Black "Blasovszky, Istvan"]
[Result "1-0"]
[WhiteElo "2340"]
[BlackElo "2230"]
[PlyCount "99"]
[EventDate "1990.09.??"]
[EventType "swiss"]
[EventRounds "11"]
[EventCountry "HUN"]
[SourceTitle "EXT 2015"]
[Source "ChessBase"]
[SourceDate "2014.11.20"]
[SourceVersion "1"]
[SourceVersionDate "2014.11.20"]
[SourceQuality "1"]

1. d4 Nf6 2. c4 g6 3. Nc3 Bg7 4. e4 d6 5. f3 c6 6. Be3 a6 7. a4 a5 8. Bd3 Nbd7 9. Nge2 0-0 10. 0-0 e5 11. Qe1 Ne8 12. f4 Qe7 13. fxe5 dxe5 14. d5 Nc5 15. Bc2 Nc7 16. Rd1 cxd5 17. cxd5 Qd6 18. Qh4 Bd7 19. Rf3 f6 20. Qg3 Ne8 21. Qh4 Rc8 22. g4 Rf7 23. Rdf1 Qa6 24. Qf2 Nd3 25. Bxd3 Qxd3 26. g5 f5 27. Bb6 Qa6 28. exf5 Rxf5 29. Be3 Nd6 30. Ng3 Rxf3 31. Qxf3 Rf8 32. Qg2 Nf5 33. Bc5 Rc8 34. Nge4 Qc4 35. b3 Qxb3 36. Rb1 Qc4 37. Rxb7 Bxa4 38. Qf2 Be8 39. d6 Bc6 40. Rc7 Rxc7 41. dxc7 Bb7 42. Qb2 Ba6 43. Qb5 Bxb5 44. c8Q+ Kf7 45. Qb7+ Ke6 46. Nxb5 Qc1+ 47. Kg2 Qc2+ 48. Bf2 Bf8 49. Qb6+ Kd5 50. Nbc3+ 1-0

[Event "HUN-ch op"]
[Site "Gyor"]
[Date "1990.??.??"]
[Round "7"]
[White "Videki, Sandor"]
[Black "Schipkov, Boris"]
[Result "1/2-1/2"]
[WhiteElo "2385"]
[BlackElo "2340"]
[PlyCount "45"]
[EventDate "1990.09.??"]
[EventType "swiss"]
[EventRounds "11"]
[EventCountry "HUN"]
[SourceTitle "EXT 1997"]
[Source "ChessBase"]
[SourceDate "1996.11.15"]
[SourceVersion "1"]
[SourceVersionDate "1996.11.15"]
[SourceQuality "1"]

1. c4 e6 2. Nc3 d5 3. d4 Nf6 4. cxd5 exd5 5. Bg5 Be7 6. e3 c6 7. Bd3 Nbd7 8. Qc2 Nh5 9. Bxe7 Qxe7 10. Nge2 g6 11. 0-0-0 Nb6 12. h3 Be6 13. g4 Nf6 14. Nf4 0-0-0 15. Kb1 Kb8 16. Rhe1 Bc8 17. f3 g5 18. Ng2 h5 19. Qf2 hxg4 20. hxg4 Rh2 21. Rh1 Rdh8 22. Rxh2 Rxh2 23. Ne2 1/2-1/2